000 00849nam a2200229u 4500
001 9574822
003 OSt
005 20120210111903.0
008 850305m18761880xx 000 0 eng
010 _aunk84231070
020 _a0406091358
040 _aDLC
_cCarP
_dDLC
050 0 0 _aLAW <Great Britain 5 Exch 1876->
082 _222
_a348.041 LAW
110 2 _aLaw Reports.
_bExchequer.
_bDivision. [from old catalog]
_93787
245 0 0 _aLaw Reports Exchequer division 1877 - 80 Vol. 1-2 /
260 _aLondon: printed for the Incorporated Council of Law Reporting,
_c1973
300 _a5 v.
_bcm.
906 _a0
_bcbc
_cpremunv
_du
_encip
_f19
_gy-gencatlg
942 _2ddc
_cBK
999 _c1708
_d1708